Statistiken für Länder, die an Algerien grenzen

Klicken Sie hier um das Quiz zu spielen!

Allgemein

  • Dieses Quiz wurde 84 mal gespielt
  • Das Durchschnittsergebnis liegt bei 6 aus 6

Antwortstatistiken

LängeLand% Korrekt
1.559 kmMarokko
99%
965 kmTunesien
99%
982 kmLibyen
98%
1.376 kmMali
95%
463 kmMauretanien
91%
956 kmNiger
89%

Verteilung der Resultate

Perzentil nach korrekt beantworteten Fragen

Anzahl Personen mit jedem Resultat

Ihre Resultats-Entwicklung

Sie haben dieses Quiz noch nicht gespielt